| 000 | 00439nam a22001817a 4500 | ||
|---|---|---|---|
| 005 | 20230529161552.0 | ||
| 008 | 230523b |||||||| |||| 00| 0 eng d | ||
| 020 | _a9781259062759 | ||
| 082 |
_a620.11 _bSMI-M |
||
| 100 | _aSmith:F willim | ||
| 245 | _aMaterial Science and Engineering | ||
| 250 | _a5e | ||
| 260 |
_aIndian _bMc Graw Hill _c2013 |
||
| 300 | _a947 | ||
| 650 | _aEngineering | ||
| 700 | _aWilliam;F.Smith | ||
| 999 |
_c18429 _d18429 |
||